| 000 | 004840000a22001810004500 | ||
|---|---|---|---|
| 003 | MACL | ||
| 005 | 20160109132617.0 | ||
| 008 | 160109b xxu||||| |||| 00| 0 eng d | ||
| 040 |
_aMACL _cMACL |
||
| 041 | _aEnglish | ||
| 082 | _a825 | ||
| 100 |
_aThe Publication Division _921942 |
||
| 245 |
_aJawaharlal Nehur's Speeches _bVolume 1 september 1946-may 1949 |
||
| 260 |
_bThe Publication Division _c1949 _aIndia |
||
| 350 | _a7 | ||
| 650 |
_aSpeeches _930396 |
||
| 942 |
_cBK _k825 _2ddc |
||
| 999 |
_c36151 _d36151 |
||